MARC details
| 000 -CABECERA |
| campo de control de longitud fija |
01329nam a2200325 a 4500 |
| 001 - NÚMERO DE CONTROL |
| campo de control |
000002926 |
| 003 - IDENTIFICADOR DEL NÚMERO DE CONTROL |
| campo de control |
DO-SdBNP |
| 005 - FECHA Y HORA DE LA ÚLTIMA TRANSACCIÓN |
| campo de control |
20250421103629.0 |
| 008 - DATOS DE LONGITUD FIJA--INFORMACIÓN GENERAL |
| campo de control de longitud fija |
090706s1985 dr 000 0 spa d |
| 040 ## - FUENTE DE LA CATALOGACIÓN |
| Centro catalogador/agencia de origen |
DO-SdBNP |
| Lengua de catalogación |
spa |
| Centro/agencia transcriptor |
BNPHU |
| 082 ## - NÚMERO DE LA CLASIFICACIÓN DECIMAL DEWEY |
| Número de clasificación |
338.187293 |
| Número de documento/Ítem |
C118p |
| 100 1# - ENTRADA PRINCIPAL--NOMBRE DE PERSONA |
| Nombre de persona |
Cáceres, Mario, |
| Fechas asociadas al nombre |
1938- |
| 9 (RLIN) |
9296 |
| 245 10 - MENCIÓN DE TÍTULO |
| Título |
Política económica y agropecuaria : |
| Resto del título |
las prioridades nacionales / |
| Mención de responsabilidad, etc. |
Mario Cáceres ; prólogo Rafael Herrera. |
| 260 ## - PUBLICACIÓN, DISTRIBUCIÓN, ETC. |
| Lugar de publicación, distribución, etc. |
Santiago, República Dominicana : |
| Nombre del editor, distribuidor, etc. |
Universidad Católica Madre y Maestra, |
| Fecha de publicación, distribución, etc. |
1985. |
| 300 ## - DESCRIPCIÓN FÍSICA |
| Extensión |
360 p ; |
| Dimensiones |
22cm. |
| 490 1# - MENCIÓN DE SERIE |
| Mención de serie |
Documentos ; |
| Designación de volumen o secuencia |
110 |
| 500 ## - NOTA GENERAL |
| Nota general |
"Artículos aparecidos en el Listín Diario". -- Primera página. |
| 500 ## - NOTA GENERAL |
| Nota general |
Incluye datos biográficos |
| 590 ## - NOTA LOCAL (RLIN) |
| Nota local |
Inventariado,2018/DG |
| 650 #0 - PUNTO DE ACCESO ADICIONAL DE MATERIA--TÉRMINO DE MATERIA |
| Término de materia o nombre geográfico como elemento de entrada |
Agricultura y estado |
| Subdivisión geográfica |
República Dominicana |
| 9 (RLIN) |
36241 |
| 650 #4 - PUNTO DE ACCESO ADICIONAL DE MATERIA--TÉRMINO DE MATERIA |
| Término de materia o nombre geográfico como elemento de entrada |
Agricultura |
| Subdivisión general |
Aspectos económicos |
| Subdivisión geográfica |
República Dominicana |
| 9 (RLIN) |
1508 |
| 650 #4 - PUNTO DE ACCESO ADICIONAL DE MATERIA--TÉRMINO DE MATERIA |
| Término de materia o nombre geográfico como elemento de entrada |
Reforma agraria |
| Subdivisión general |
República Dominicana |
| 9 (RLIN) |
9298 |
| 650 #0 - PUNTO DE ACCESO ADICIONAL DE MATERIA--TÉRMINO DE MATERIA |
| Término de materia o nombre geográfico como elemento de entrada |
Política económica |
| 9 (RLIN) |
84931 |
| 651 #4 - PUNTO DE ACCESO ADICIONAL DE MATERIA--NOMBRE GEOGRÁFICO |
| Nombre geográfico |
República Dominicana |
| Subdivisión general |
Política económica |
| 9 (RLIN) |
643 |
| 700 12 - PUNTO DE ACCESO ADICIONAL--NOMBRE DE PERSONA |
| Nombre de persona |
Herrera, Rafael. |
| 9 (RLIN) |
8495 |
| 730 1# - PUNTO DE ACCESO ADICIONAL--TÍTULO UNIFORME |
| Título uniforme |
Listín diario (República Dominicana) |
| 9 (RLIN) |
1199 |
| 830 #0 - PUNTO DE ACCESO ADICIONAL DE SERIE-TÍTULO UNIFORME |
| Título uniforme |
Colección Documentos (Universidad Católica Madre y Maestra) ; |
| Número de parte o sección de la obra |
110 |
| 9 (RLIN) |
9300 |
| 910 ## - DATOS DE OPCIÓN DEL USUARIO (OCLC) |
| Datos de opción del usuario |
Validado. Control de calidad. MFF |
| 942 ## - ELEMENTOS DE PUNTO DE ACCESO ADICIONAL (KOHA) |
| Fuente del sistema de clasificación o colocación |
Dewey Decimal Classification |
| Tipo de ítem Koha |
Libro |